Vista normal
Vista MARC
Entrada Personal Name
Número de registros utilizados en: 1
001 - CONTROL NUMBER
- control field: 17258
003 - CONTROL NUMBER IDENTIFIER
- control field: DLC
005 - DATE AND TIME OF LATEST TRANSACTION
- control field: 20250625164726.0
008 - FIXED-LENGTH DATA ELEMENTS
- fixed length control field: 120905n| acannaabn |n aaa
010 ## - LIBRARY OF CONGRESS CONTROL NUMBER
- LC control number: nb2012020849
035 ## - SYSTEM CONTROL NUMBER
- System control number: (Uk)008573033
040 ## - CATALOGING SOURCE
- Original cataloging agency: Uk
- Language of cataloging: spa
- Transcribing agency: Mx-PuUPA
- Modifying agency: Mx-PuUPA
- Description conventions: rda
100 1# - HEADING--PERSONAL NAME
- Personal name: Polyakova, Olga A.,
374 ## - OCCUPATION
- Occupation: Autora
- Occupation: Historiadora de arte
375 ## - GENDER
- Gender: mujer
377 ## - ASSOCIATED LANGUAGE
- Language code: rus
670 ## - SOURCE DATA FOUND
- Source citation: Icons, c2011:
- Information found: t.p. (Olga A. Polyakova) jkt. (Olga A. Polyakova is an art historian and leading specialist on Old Russian art)